Večne spievajú lesy ; Zo Smrtnej hory fúka ; Niet inej cesty

Bibliographic Details
Main Author: Gulbranssen, Trygve, 1894-1962 (Author)
Other Authors: Rypáček, Karel V., 1885-1957 (Translator)
Format: Book
Language:Slovak
Norwegian
PhysicalDescription:639 strán 20 cm
Published: Bratislava Slovenský spisovateľ 1972
Edition:3. vyd.
Subjects:

MARC

LEADER 00000cam a2200000 a 4500
001 vtls001182015
003 SK-MaSNL
005 20260302062020.0
008 240226s1972 xo gr 000 f slo
015 |a SNBA1973/02-00345 
020 |q (viazané) 
035 |a SNK000125027 
035 |a 1CD17864-A96F-46A7-9FBC-477E5F7C6BFE 
035 |a urn:nbn:sk:snk-am00ikb6 
040 |a SNK  |b slo  |c SNK  |e AACR2 
041 1 |a slo  |h nor 
044 |a xo  |c SK 
072 7 |a 821.11  |x Germánske literatúry  |2 konspekt 
080 |a 821.113.5-31  |2 2011 
100 1 |a Gulbranssen, Trygve,  |d 1894-1962  |4 aut  |9 183011 
245 1 0 |a Večne spievajú lesy ; Zo Smrtnej hory fúka ; Niet inej cesty  |c Trygve Gulbranssen ; preložil Karol V. Rypáček 
250 |a 3. vyd. 
260 |a Bratislava  |b Slovenský spisovateľ  |c 1972 
300 |a 639 strán  |c 20 cm 
366 |e 45000 kusov 
500 |a Obsahuje 3 romány 
500 |a Preložené z nórčiny 
655 7 |a nórske romány  |2 SNKPH  |9 1565 
700 1 |a Rypáček, Karel V.,  |d 1885-1957  |4 trl  |9 100595 
700 1 2 |a Gulbranssen, Trygve,  |d 1894-1962  |t Og bakom synger skogene  |l Slovensky  |9 608821 
700 1 2 |a Gulbranssen, Trygve,  |d 1894-1962  |t Det blaaser fra Dauingfjell  |l Slovensky  |9 721509 
700 1 2 |a Gulbranssen, Trygve,  |d 1894-1962  |t Ingen vei gaar utenom  |l Slovensky  |9 608823 
740 0 2 |a Zo Smrtnej hory fúka 
740 0 2 |a Niet inej cesty 
852 |a Slovenská národná knižnica 
954 |a beletria cudzojazyčná (svetová)  |2 lita 
958 |a RK 
958 |a TL 
958 |a EUIPO 
958 |a LX 
958 |a UP 
958 |a OND 
999 |c 1127639  |d 1129569 
952 |a SNK  |b SNK  |y PREZ  |7 0  |p 17A0268026  |o snkSC 30742  |i snkK 1666/95  |8 3  |0 0  |1 0  |4 0  |d 2000-07-11  |f 1  |l 0  |r 2025-09-26 00:00:00  |w 2026-02-24 
952 |a SNK  |b SNK  |y VYP  |7 0  |p 17A0246063  |o snkSC 30742 D1  |i snkK 501/2000  |g 0.03  |0 0  |1 0  |4 0  |d 2000-07-11  |l 0  |r 2005-01-01 00:00:00  |w 2026-02-24